| 000 | 00635nam a2200241Ia 4500 | ||
|---|---|---|---|
| 005 | 20260429112314.0 | ||
| 008 | 260429s9999||||xx |||||||||||||| ||und|| | ||
| 020 | _a9789353508128 | ||
| 041 | _aEnglish | ||
| 082 |
_a005.133 _bFOR |
||
| 100 | _aForouzan, Behrouz | ||
| 245 | 0 |
_aC Programming / _cBehrouz Forouzan |
|
| 260 |
_aIndia : _bCengage Learning, _c2024. |
||
| 300 | _aviii, pv.; pbk | ||
| 650 | _a C programming | ||
| 650 | _a Computer programming | ||
| 650 | _aComputer science | ||
| 700 | _a Gilberg, Richard | ||
| 700 | _a Murugesan M. | ||
| 700 | _a Nithya, T.M. | ||
| 700 | _a Thilagamani, S. | ||
| 942 | _cTB | ||
| 999 |
_c53398 _d53398 |
||